| 000 | 02134nam a22002297a 4500 | ||
|---|---|---|---|
| 005 | 20260310112141.0 | ||
| 008 | 260129b |||||||| |||| 00| 0 eng d | ||
| 020 | _a0070436258 | ||
| 040 | _cAL | ||
| 041 | _aEnglish | ||
| 082 |
_a658.054 _bNATN |
||
| 100 |
_aDhruv Nath _9258397 |
||
| 245 | _aNuts and bolts of E Commerce | ||
| 260 |
_aNew Delhi _bTata Mcgraw-Hill Publishing Company Limited _c2006 |
||
| 300 |
_axviii,184p. _bPB _c24x18cm. |
||
| 365 |
_aIN-1719 _b₹295.10 _c₹ _d₹450.00 _f14-01-2026 |
||
| 520 | _aKey Features: What is packet switching? The TCP/IP suite of protocols Internet addressing The magic of Java Server side languages Component based development Application Servers Encryption Digital Certificates?and more About the Author: DHRUV NATH Dr Dhruv Nath is a Professor at one of the leading Business Schools in India. He has a B.Tech. in Electrical Engineering as well as a Ph.D. from IIT Delhi. Subsequently, he spent nearly 20 years with the Indian Software Industry, where he worked in senior positions in diverse areas such as e-Business Consulting, CRM, and Information Systems Planning and Development. Dr Nath moved from industry to academics in 2002. Dr Nath has been a consultant to several organisations such as Hindustan Unilever, Glaxo, Gillette, Nestle, Indian Oil Corporation, Bajaj Auto, Air India, and Thermax, as well as, to the Prime Minister of Namibia and the Chief Minister of Delhi. Dr Nath has written two other books, 'The Nuts and Bolts of E-Commerce', and 'The Nuts and Bolts of CRM', both published by Tata McGraw Hill. He can be contacted at dhruvn55@hotmail.com or dhruvn55@gmail.com. Table of Content: 1. The Wonderful World Wide Web 2. Internet Addressing using IP Addresses 3. Packet Switching 4. The Domain Name System or `DNS? 5. The Need for Databases 6. Java ! 7. The Profitability Problem 8. The Need for Server Side Computing 9. The Need for Components 10. Application Servers 11. Security Concerns on the Internet | ||
| 650 |
_aE-Commerce _9253041 |
||
| 650 |
_aInternet Infrastructure _9253042 |
||
| 650 |
_aE-Business Technologies: _9253043 |
||
| 942 |
_2ddc _cBK |
||
| 999 |
_c240836 _d240836 |
||